00833nam a2200241Ia 4500003000900000005001700009008004100026040001300067040001300080041000800093100002800101245012100129250002200250260002300272260000900295300001100304300002400315490003300339490000700372942001200379999001700391952018300408IT-RoPAU20220918175835.0120407s9999 xx 000 0 und d aIT-RoPAU cIT-RoPAU aita aJoseph Ratzinger935937 aIl sale della terra. Il nuovo “Rapporto sulla Fede”. Cristianesimo e Chiesa cattolica nella svolta del millennio aCinisello Balsamo aSan Paolo Edizioni c1997 a322 p. c20 (brossura) cm aCollana: Interviste Verità v15 cBK2ddc c32554d32554 00102ddc406920_16150000000000071aPAULUSbPAULUSd2012-04-11l0o920.1615r2012-04-11 00:00:00w2012-04-11yBKzInserito da: In data: n.d. fondo: Via A.Severo 56 Progr:14346